000 00296nam a22001097a 4500
008 230626b xxu||||| |||| 00| 0 eng d
082 _a330.9
_bGLO 1993
245 _aAfrican Social and Economic Trends
260 _aUSA
_bThe Global Coalition for Africa
_c1993
300 _aIV,101p
942 _2ddc
_cBK
999 _c2646
_d2646